Представление документа в формате MARC21

Поле Инд. ПП Название Значение
Тип записи a
Библиографический уровень b
001 Контрольный номер RU/IS/BASE/222359372
005 Дата корректировки 20200728204922.7
008 Кодируемые данные 20070117
040 b Код языка каталог. rus
e Правила каталог. PSBO
041 0_ a Код языка текста rus
084 a Индекс другой классификации/Индекс ББК 60.991; 74.903
100 1_ a Автор Хрусталькова Н. А.
q Полное имя Хрусталькова Наталья Александровна
245 10 a Заглавие Воспитание детей в профессионально-замещающих семьях
520 0_ a Аннотация В статье рассматриваются модели профессионально-замещающих семей и порядок сопровождения воспитания детей-сирот в таких семьях службами социальной помощи
650 04 a Основная рубрика педагогика; семейная педагогика; семейное воспитание
a Основная рубрика социальная защита
a Основная рубрика социальная работа
653 1_ a Ключевые слова воспитание детей-сирот
a Ключевые слова дети-сироты
a Ключевые слова патронатные семьи
a Ключевые слова приемные родители
a Ключевые слова приемные семьи
a Ключевые слова профессионально-замещающая семья
a Ключевые слова Россия
a Ключевые слова семейные воспитательные группы
a Ключевые слова сопровождение приемных детей
a Ключевые слова социальная поддержка
773 0_ t Заглавие источника Высшее образование сегодня
d Дата издания источника 2006
g Прочая информация № 11. - С. 34 - 36
w Контрольный № источника RU/IS/BASE/222191996
901 t Тип документа b